000 00351nam a2200133Ia 4500
008 240624s9999 xx 000 0 und d
041 _aeng
082 _a658.487 RAO
100 _aRAO PURBA HALADY
245 _aBUSINESS ANALYTICS AN APPLICATION FOCUS
260 _c2017
_aNew Delhi
_bPrentice Hall of India
300 _a238 p.; 28 cm.
365 _cRS
999 _c29337
_d29337